[Event "Olympiad-36"]
[Site "Mallorca"]
[Date "2004.10.26"]
[Round "11"]
[White "Chan, Peng Kong"]
[Black "Naciri, Zouhir"]
[Result "1/2-1/2"]
[WhiteElo "2339"]
[BlackElo "2170"]
[PlyCount "89"]
[EventDate "2004.10.15"]
[EventType "team-swiss"]
[EventRounds "14"]
[EventCountry "ESP"]
[SourceTitle "CBM 104"]
[Source "ChessBase"]
[SourceDate "2005.01.27"]
[SourceVersion "1"]
[SourceVersionDate "2005.01.27"]
[SourceQuality "1"]
[WhiteTeam "Singapore"]
[BlackTeam "Morocco"]
[WhiteTeamCountry "SIN"]
[BlackTeamCountry "MAR"]

1. d4 d5 2. Nf3 e6 3. c4 Nf6 4. Nc3 Nbd7 5. Bg5 Be7 6. e3 0-0 7. Qc2 c6 8. h3 Re8 9. cxd5 exd5 10. Bd3 Nf8 11. 0-0 g6 12. Rab1 Ne6 13. Bh6 Ng7 14. Bxg7 Kxg7 15. b4 a6 16. a4 Bd6 17. b5 axb5 18. axb5 Ra3 19. bxc6 bxc6 20. Ra1 Qa5 21. Rxa3 Qxa3 22. Nb1 Qa8 23. Rc1 Bd7 24. Nbd2 Qa3 25. Rb1 Rb8 26. Ne5 Be8 27. Rxb8 Bxb8 28. Nb1 Qa5 29. Nf3 Bd6 30. Nfd2 Bd7 31. Kf1 Bb8 32. Qc3 Qa7 33. Qb2 Bd6 34. Nc3 Qa5 35. Nb3 Qb4 36. Na2 Qa4 37. Nc3 Qb4 38. Na2 Qa4 39. Nc3 Qb4 40. Qc2 Qa3 41. Nb1 Qb4 42. Nc3 Bc8 43. Ke2 Bd7 44. f4 h5 45. Nb1 1/2-1/2